000
00308nam a2200109 4500
999
_c
10478
_d
10478
008
180831b ||||| |||| 00| 0 eng d
245
_a
Human rights action plan to be crafted in Phl.
260
_a
Davao City
_b
Sun Star Davao
_c
c2017
300
_a
page 16.
650
0
_9
30759
_a
Human rights.
942
_2
ddc
_c
PER